00321nam a2200121 4500020001500000082001200015100002900027245003100056250000900087260004100096300003600137650002600173 a026351397100a546 LIP1 aLiptrot, Geoffrey Frank.10aModern inorganic chemistry a4 ed aLondon,bMills and Boon Ltd.,c1983. axv, 471 p.billus. (some col.). 0aChemistry, Inorganic.